Phương pháp lựa chọn phương pháp đầu tư có hiệu quả trong doanh nghiệp

Spremljeno u:
Bibliografski detalji
Glavni autor: Vũ Công Ty
Format: Knjiga
Jezik:Undetermined
Izdano: Hà Nội Tài chính 1996
Teme:
Oznake: Dodaj oznaku
Bez oznaka, Budi prvi tko označuje ovaj zapis!
Thư viện lưu trữ: Trung tâm Học liệu Trường Đại học Cần Thơ
LEADER 00598nam a2200193Ia 4500
001 CTU_27084
008 210402s9999 xx 000 0 und d
020 |b 10.000đ 
082 |a 339.43 
082 |b T600 
100 |a Vũ Công Ty 
245 0 |a Phương pháp lựa chọn phương pháp đầu tư có hiệu quả trong doanh nghiệp 
245 0 |c Vũ Công Ty 
260 |a Hà Nội 
260 |b Tài chính 
260 |c 1996 
650 |a investments 
904 |i Nguyễn Quang Điền, 981104 
980 |a Trung tâm Học liệu Trường Đại học Cần Thơ